Datum a čas kvízu
35.5
Celkem bodů
Celkový počet nahraných bodů na tomto kvízu bez doplňovacích otázek.
1.
Pořadí na kvízu
Konečné umístění týmu na tomto kvízu.
Zaznamenané odpovědi
| # | Otázka | Odpověď | Body | Výsledky |
|---|---|---|---|---|
| 1. | Ve středu padla společnost Boh... | Pavel Liška, Marek Daniel | 1 | |
| 2. | Norští archeologové našli v le... | lyže | 1 | |
| 3. | Svůj poslední koncert po šedes... | Spirituál kvintet | 1 | |
| 4. | Francouzský deník Le Figaro zv... | mozzarella | 0 | |
| 5. | Jak se jmenuje desetiletý ryzá... | Talent | 1 | |
| 6. | Pokřín obecný je rostlina, kte... | mandragora | 0 | |
| 7. | Túje, dřevina z rodu cypřišovi... | zerav | 1 | |
| 8. | Vigna zlatá je rostlina z čele... | mungo | 1 | |
| 9. | Ledvinovník západní je tropick... | oříšky kešu | 0 | |
| 10. | Kterým slovem na S obecně ozna... | sukulenty | 1 |